Nghiên cứu đặc tính nhiệt - thuỷ lực của bộ thu năng lượng mặt trời gia nhiệt không khí có cánh hướng dòng : Báo cáo tổng kết đề tài Khoa học cấp Trường

Enregistré dans:
Détails bibliographiques
Auteur principal: Phạm, Bá Thảo
Format: Đề tài khoa học
Langue:Undetermined
Publié: Trường Đại học Công nghiệp TP. Hồ Chí Minh 2022
Sujets:
Accès en ligne:https://opac.iuh.edu.vn/TraCuuTaiLieuSo2XemChiTiet.aspx?Id=118677
Tags: Ajouter un tag
Pas de tags, Soyez le premier à ajouter un tag!
Thư viện lưu trữ: Trung tâm Thư viện - Trường Đại học Công nghiệp TP. Hồ Chí Minh
LEADER 00849nam a2200169Ia 4500
001 UIH_00900
008 230809s9999 xx 000 0 und d
082 |a 621.402 
100 |a Phạm, Bá Thảo 
245 0 |a Nghiên cứu đặc tính nhiệt - thuỷ lực của bộ thu năng lượng mặt trời gia nhiệt không khí có cánh hướng dòng : Báo cáo tổng kết đề tài Khoa học cấp Trường 
245 0 |c Phạm, Bá Thảo 
260 |b Trường Đại học Công nghiệp TP. Hồ Chí Minh 
260 |c 2022 
650 |a Công nghệ nhiệt lạnh; 
856 |u https://opac.iuh.edu.vn/TraCuuTaiLieuSo2XemChiTiet.aspx?Id=118677 
927 |a Đề tài khoa học 
980 |a Trung tâm Thư viện - Trường Đại học Công nghiệp TP. Hồ Chí Minh